Observaciones latinoamericanas
Saved in:
| Main Authors: | , |
|---|---|
| Format: | Bog |
| Sprog: | spansk |
| Udgivet: |
Valparaíso
Universitarias
2012
|
| Udgivelse: | 1a. ed |
| Fag: | |
| Tags: |
Tilføj Tag
Ingen Tags, Vær først til at tagge denne postø!
|
MARC
| LEADER | 00000cam a2200000 a 4500 | ||
|---|---|---|---|
| 001 | UCD1174 | ||
| 003 | CL-VaPUC | ||
| 008 | 160114e20120000cl |||||||||||||||||spa|d | ||
| 020 | |a 9789561705142 | ||
| 082 | 0 | 4 | |a 301 |b CAB |2 21 |
| 100 | 0 | |a Caba M., Sergio |e author |9 584271 | |
| 700 | 0 | |a García G., Gonzalo |e author |9 584272 | |
| 245 | 1 | 0 | |a Observaciones latinoamericanas |
| 250 | |a 1a. ed | ||
| 300 | |a 204 p | ||
| 942 | |c BK | ||
| 945 | |d 20160114 01:07:00 |a dcastane | ||
| 260 | |a Valparaíso |b Universitarias |c 2012 | ||
| 650 | 0 | |a Sociología |9 255410 | |
| 650 | 0 | |a Psicología social |9 222894 | |
| 583 | |a last modification |c 20160114 01:07:00 |k Rodrigo Vera | ||
| 999 | |c 362588 |d 362586 | ||
| 952 | |0 0 |1 0 |3 erb |4 0 |6 301_000000000000000_CAB_2012 |7 0 |8 A |9 473896 |a BIBEDU |b BIBEDU |i 5261465 |o 301 CAB 2012 |p 5261465 |r 2019-11-24 |w 2019-11-24 |y BK |z Catalogado en:20160114 |k LIT | ||
| 952 | |0 0 |1 0 |3 erb |4 0 |6 301_000000000000000_CAB_2012 |7 0 |8 A |9 473897 |a BIBEDU |b BIBEDU |i 5261457 |o 301 CAB 2012 |p 5261457 |r 2019-11-24 |w 2019-11-24 |y BK |z Catalogado en:20160114 |k LIT | ||
| 952 | |0 0 |1 0 |3 erb |4 0 |6 301_000000000000000_CAB_2012 |7 0 |8 A |9 473898 |a BIBEDU |b BIBEDU |i 5261449 |o 301 CAB 2012 |p 5261449 |r 2019-11-24 |w 2019-11-24 |y BK |z Catalogado en:20160114 |k LIT | ||
| 952 | |0 0 |1 0 |3 erb |4 0 |6 301_000000000000000_CAB_2012 |7 0 |8 A |9 473899 |a BIBEDU |b BIBEDU |i 5261430 |o 301 CAB 2012 |p 5261430 |r 2019-11-24 |w 2019-11-24 |y BK |z Catalogado en:20160114 |k LIT | ||
| 952 | |0 0 |1 0 |3 erb |4 0 |6 301_000000000000000_CAB_2012 |7 0 |8 A |9 473900 |a BIBEDU |b BIBEDU |i 5261422 |o 301 CAB 2012 |p 5261422 |r 2019-11-24 |w 2019-11-24 |y BK |z Catalogado en:20160114 |k LIT | ||